[Event "FIN-ch U18"]
[Site "Espoo"]
[Date "2014.06.07"]
[Round "6"]
[White "Ebeling, Daniel"]
[Black "Politi, Alberto"]
[Result "1-0"]
[WhiteElo "2374"]
[BlackElo "1703"]
[PlyCount "33"]
[EventDate "2014.06.05"]
[EventType "tourn"]
[EventRounds "7"]
[EventCountry "FIN"]
[SourceTitle "EXT 2022"]
[Source "ChessBase"]
[SourceDate "2021.10.06"]
[SourceVersion "1"]
[SourceVersionDate "2021.10.06"]
[SourceQuality "1"]

1. e4 c5 2. Nf3 g6 3. d4 cxd4 4. Qxd4 Nf6 5. Nc3 Nc6 6. Qa4 Bg7 7. e5 Ng8 8. Bf4 Qa5 9. Qxa5 Nxa5 10. Nd5 Rb8 11. 0-0-0 Bh6 12. Ng5 Nc6 13. h4 f6 14. exf6 exf6 15. Re1+ Kf8 16. Bd6+ Kg7 17. f4 1-0